| 000 | 00548nam a2200181Ia 4500 | ||
|---|---|---|---|
| 003 | OSt | ||
| 005 | 20230627111827.0 | ||
| 008 | 210423s9999 xx 000 0 und d | ||
| 040 | _cAL | ||
| 041 | _aeng | ||
| 082 |
_a303.484 _223 _bBHAP |
||
| 100 |
_aBHAT;others,Ed. _9113176 |
||
| 245 | _aPartners in progress: experiences of voluntary organizations in india. | ||
| 260 |
_bDevelopment Support Initrative _aIndia _c2021 |
||
| 365 | _cINR | ||
| 906 | _aexperiences ; india. ; organizations ; Partners ; progress: ; voluntary | ||
| 942 |
_2ddc _cBK |
||
| 999 |
_c173016 _d173016 |
||